000 00772nam a2200253Ia 4500
003 OSt
005 20220923223918.0
006 a|||||r|||| 00| 0
007 ta
008 220922b |||||||| |||| 00| 0 hin d
024 _a223,216
037 _cTextual
040 _aARTS
_cARTS
_bhin
041 _2hin
_ahin
082 _aO152,3N75,AA, N8
100 _aराजीव कुमार
_9156290
245 0 _aआर्तनाद
246 _aĀrtanāda
260 _aनयी दिल्ली
_b वाणी प्रकाशन
_c1998
300 _a157पृ.
_ccm.
650 _aहिन्दी साहित्य
_9156264
942 _hO152,3N75,AA, N8
_cTEXL
_2CC
999 _c368183
_d368183